000 00283nam a22001337a 4500
008 170714b xxu||||| |||| 00| 0 eng d
020 _a0300000340
041 _aeng
080 _a17
100 _a24
101 _aFIL
245 _aAND ESSAY ON MAN
_cCASSIER.E
942 _2udc
_cBK
999 _c20829
_d20829